Концепции Карлоса Кастанеды в современной русской словесности: от Летова до Пелевина и Фрая (Запись № 13676667)

Подробности
000 -МАРКЕР
контрольное поле 02110nam0a2200421 4500
001 - ИДЕНТИФИКАТОР ЗАПИСИ
контрольное поле RU\NLR\BIBL_A\022577927
005 - ИДЕНТИФИКАТОР ВЕРСИИ
контрольное поле 20260420050322.0
010 ## - МЕЖДУНАРОДНЫЙ СТАНДАРТНЫЙ НОМЕР КНИГИ (ISBN)
Номер (ISBN) 978-5-00025-393-9
Тираж 1000
021 ## - НОМЕР ГОСУДАРСТВЕННОЙ РЕГИСТРАЦИИ
Код страны Российская Федерация
Номер КН-П-25-027987
Номер Листа государственной регистраци КН-П-25-2775
035 ## - ДРУГИЕ СИСТЕМНЫЕ НОМЕРА
Идентификатор записи (NLR Aleph) 022577927
100 ## - ДАННЫЕ ОБЩЕЙ ОБРАБОТКИ
Данные общей обработки 20250702d2025 u y0rusy50 ca
101 0# - ЯЗЫК РЕСУРСА
Язык текста, звукозаписи и т.д. русский
102 ## - СТРАНА ПУБЛИКАЦИИ ИЛИ ПРОИЗВОДСТВА
Страна публикации Российская Федерация
105 ## - ПОЛЕ КОДИРОВАННЫХ ДАННЫХ: ТЕКСТОВЫЕ МАТЕРИАЛЫ, МОНОГРАФИЧЕСКИЕ
Кодированные данные о монографическом текстовом документе y z 000yy
181 #0 - ПОЛЕ КОДИРОВАННЫХ ДАННЫХ: ВИД СОДЕРЖАНИЯ
Код вида содержания (ISBD) i
Код характеристики содержания (ISBD) xxxe
182 #0 - ПОЛЕ КОДИРОВАННЫХ ДАННЫХ: ТИП СРЕДСТВА
Код типа средства (ISBD) n - непосредственное
200 1# - ЗАГЛАВИЕ И СВЕДЕНИЯ ОБ ОТВЕТСТВЕННОСТИ
Основное заглавие Концепции Карлоса Кастанеды в современной русской словесности: от Летова до Пелевина и Фрая
Первые сведения об ответственности Руслан Любарский
203 ## - ВИД СОДЕРЖАНИЯ И ТИП СРЕДСТВА
Вид содержания Текст
Дополнительные сведения об издании визуальный
Тип средства непосредственный
210 ## - ПУБЛИКАЦИЯ, РАСПРОСТРАНЕНИЕ И ДР.
Место издания, распространения и т.д. Санкт-Петербург
Имя издателя, распространителя и т. д. Скифия
Дата издания, распространения и т.д. 2025
215 ## - ФИЗИЧЕСКАЯ ХАРАКТЕРИСТИКА
Специфическое обозначение материала и объем 311, [1] с.
Размеры 22
300 ## - ОБЩИЕ ПРИМЕЧАНИЯ
Текст примечания На задней сторонке пер. авт.: Р. В. Любарский – канд. филол. наук
320 ## - ПРИМЕЧАНИЯ О НАЛИЧИИ В ДОКУМЕНТЕ БИБЛИОГРАФИИ / УКАЗАТЕЛЯ
Текст примечания Библиогр.: с. 306–312 (94 назв.) и в подстроч. примеч.
600 #1 - ИМЯ ЛИЦА КАК ПРЕДМЕТ
Начальный элемент ввода Кастанеда
Часть имени, кроме начального элемента ввода К.
Даты 1931 - 1998
Расширение инициалов личного имени Карлос
Тематический подзаголовок и русская литература
Системный номер авторитетной/нормативной записи 2684577
Идентификатор авторитетной/нормативной записи RU\NLR\AUTH\6601762116
606 1# - НАИМЕНОВАНИЕ ТЕМЫ КАК ПРЕДМЕТ
Наименование темы Русская советская литература
Тематический подзаголовок Связи
-- Американская литература
Системный номер авторитетной/нормативной записи 2459548
Идентификатор авторитетной/нормативной записи RU\NLR\AUTH\661461609
686 1# - ИНДЕКСЫ ДРУГИХ КЛАССИФИКАЦИЙ
Индекс Ш5(7США)6-4Кастанеда418.3
686 1# - ИНДЕКСЫ ДРУГИХ КЛАССИФИКАЦИЙ
Индекс Ю3(7Ме)6
686 2# - ИНДЕКСЫ ДРУГИХ КЛАССИФИКАЦИЙ
Индекс Ш5(2=Р)7-318.3
700 #1 - ИМЯ ЛИЦА - ПЕРВИЧНАЯ ОТВЕТСТВЕННОСТЬ
Начальный элемент ввода Любарский
Часть имени, кроме начального элемента ввода Р. В.
Расширение инициалов личного имени Руслан Васильевич
702 #1 - ИМЯ ЛИЦА - ВТОРИЧНАЯ ОТВЕТСТВЕННОСТЬ
Код отношения Объект посвящения
Графика поля Кириллица
Материалы, к которым относится поле rus
Начальный элемент ввода Кастанеда
Часть имени, кроме начального элемента ввода К.
Даты 1931-1998
Расширение инициалов личного имени Карлос
Системный номер авторитетной/нормативной записи 114791
Идентификатор авторитетной/нормативной записи RU\NLR\AUTH\774816
702 #1 - ИМЯ ЛИЦА - ВТОРИЧНАЯ ОТВЕТСТВЕННОСТЬ
Код отношения Прочие
Графика поля Кириллица
Материалы, к которым относится поле rus
Начальный элемент ввода Летов
Часть имени, кроме начального элемента ввода Е.
Даты 1964-2008
Расширение инициалов личного имени Егор
Системный номер авторитетной/нормативной записи 99628
Идентификатор авторитетной/нормативной записи RU\NLR\AUTH\77116703
702 #1 - ИМЯ ЛИЦА - ВТОРИЧНАЯ ОТВЕТСТВЕННОСТЬ
Код отношения Прочие
Графика поля Кириллица
Материалы, к которым относится поле rus
Начальный элемент ввода Пелевин
Часть имени, кроме начального элемента ввода В. О.
Даты 1962-
Расширение инициалов личного имени Виктор Олегович
Системный номер авторитетной/нормативной записи 116818
Идентификатор авторитетной/нормативной записи RU\NLR\AUTH\776871
702 #1 - ИМЯ ЛИЦА - ВТОРИЧНАЯ ОТВЕТСТВЕННОСТЬ
Код отношения Прочие
Графика поля Кириллица
Материалы, к которым относится поле rus
Начальный элемент ввода Фрай
Часть имени, кроме начального элемента ввода М.
Расширение инициалов личного имени Макс
Системный номер авторитетной/нормативной записи 110624
Идентификатор авторитетной/нормативной записи RU\NLR\AUTH\77578
942 ## - ДОПОЛНИТЕЛЬНЫЕ ЭЛЕМЕНТЫ ЗАПИСИ (АБИС)
Тип экземпляра АБИС Книга
980 ## - КОЛЛЕКЦИЯ
Название коллекции Национальная библиография

Нет доступных экземпляров.